000 00590nam a2200193 a 4500
001 8202
003 CO-ViMGA
008 141112s2004 ck r 000 u spa d
020 _a9586013898
040 _aCO-ViMGA
_bspa
_cCO-ViMGA
082 0 4 _aCo863.44 G17v
100 1 _aGarcia Aguilar, Eduardo
_97988
245 1 0 _aEl Viaje Triunfal /
_cGarcia Aguilar Eduardo
260 _aBogotá,
_cTercer Mundo,
_c1993
300 _a317 p.
590 _aForma de adquisición : donacion - - Proveedor : Biblioteca Luis Ángel Arango
650 1 4 _anovela colombiana siglo xx
_92058
942 _2ddc
_cBK
999 _c20014
_d20014